| 000 | 00595nam a22002177a 4500 | ||
|---|---|---|---|
| 005 | 20170124110029.0 | ||
| 010 | _aA-828721 | ||
| 020 | _c00.00 | ||
| 035 | _aA-828721 | ||
| 037 | _bCen Lib/Ret | ||
| 040 |
_aDPL _bEN |
||
| 082 |
_a591.162 _bJAC |
||
| 100 |
_aJacob, J _921303 |
||
| 245 |
_aCytological studies melenide with special references / _cby Jacob J. |
||
| 260 |
_aChennai _bAnnamalai university _c1959 |
||
| 270 | _bChennai | ||
| 300 |
_a186p.: _c26cm(Hb) _bill. |
||
| 650 |
_aCytology _921304 |
||
| 650 |
_aMelenide _921305 |
||
| 942 |
_2ddc _cEN _h591.162 _mJAC |
||
| 999 |
_c127709 _d127709 |
||